Statistics for Random city Geography

Click here to take the quiz!

General Stats

  • This quiz has been taken 25 times
  • The average score is 7 of 15

Answer Stats

Question Answer % Correct
Which city has the highest GDP per capitaTokyo
83%
Which city have no sea accessRome
78%
Which city has the highest metropolitan populationKuala lumpur
74%
Which city has the highest average elevationBogotá
61%
Which city is located closest to EquatorManila
57%
Which city has the lowest GDP per capitaHyderabad
57%
Which city has the lowest average temperature (December)Chicago
48%
Which city has the most skyscrapers (buildings over 150 meters or 492 ft)Singapore
48%
Which city has the tallest buildingLondon
48%
Which city is located furthest away from equatorLos Angeles
43%
Which city has the biggest land areaBeijing
43%
Which city has the highest average temperature (July)Chennai
26%
Which city has the lowest metropolitan populationSeoul
17%
Which city has the largest urban populationMumbai
17%
Which city has the highest population densityKinsasha
9%

Score Distribution

Percentile by Number Answered

Percent of People with Each Score

Your Score History

You have not taken this quiz